| 000 -ლიდერი |
| ფიქსირებული სიგრძის საკონტროლო ველი |
01693nam a22002177a 4500 |
| 003 - საკონტროლო ნომრის იდენტიფიკატორი |
| საკონტროლო ველი |
Ge_BSU |
| 005 - ბოლო ოპერაციის თარიღი და დრო |
| საკონტროლო ველი |
20251218183250.0 |
| 008 - ფიქსირებული სიგრძის მონაცემთა ელემენტები - ზოგადი ინფორმაცია |
| ფიქსირებული სიგრძის საკონტროლო ველი |
251218s2021 ge ||||| |||| 00| 0 geo d |
| 020 ## - წიგნის საერთაშორისო სტანდარტული ნომერი |
| International Standard Book Number |
9789941330643 |
| 041 ## - ენის კოდი |
| Language code of text/sound track or separate title |
geo |
| 080 ## - უნივერსალური ათობითი კლასიფიკაციის ინდექსი |
| Universal Decimal Classification number |
327(5) თ-25 |
| 100 ## - მთავარი ჩანაწერი - პიროვნების სახელი |
| Personal name |
თალიბოვი, რზა |
| 9 (RLIN) |
25801 |
| 245 ## - ცნობა სათაურის შესახებ |
| Title |
აზიის ქვეყნები საერთაშორისო ურთიერთობათა სისტემაში : |
| Remainder of title |
სახელმძღვანელო უმაღლესი სასწავლებლებისთვის : დამტკიცებულია აზერბაიჯანის რესპუბლიკის განათლების სამინისტროს მიერ 2015 წლის 24 აპრილის N 459 ბრძანებით) / |
| Statement of responsibility, etc |
რზა თალიბოვი; წიგნი რუსული ენიდან ქართულ ენაზე თარგმნა ჭაბუკი ქირიამ; სამეცნიერო რედაქტორი აგალარ აბასბეილი. |
| 264 ## - წარმოების, გამოცემის, დისტრიბუციის და სხვა ცნობები |
| გამოცემის, წარმოების, დისტრიბუციის... ადგილი |
თბილისი : |
| გამოცემის, წარმოების, დისტრიბუციის... სახელწოდება |
უნივერსალი, |
| გამოცემის, წარმოების, დისტრიბუციის... თარიღი |
2021. |
| 300 ## - ფიზიკური აღწერა |
| Extent |
320 გვ. ; |
| Other physical details |
20 სმ. |
| 504 ## - BIBLIOGRAPHY, ETC. NOTE |
| Bibliography, etc |
ბიბლიოგრაფია: გვ. 316-320. |
| 653 ## - INDEX TERM--UNCONTROLLED |
| Uncontrolled term |
საერთაშორისო ურთიერთობები |
| 700 ## - ADDED ENTRY--PERSONAL NAME |
| Personal name |
ქირია, ჭაბუკი |
| Relator term |
მთარგმნელი |
| 9 (RLIN) |
14567 |
| 700 ## - ADDED ENTRY--PERSONAL NAME |
| Personal name |
აბასბეილი, აგალარ |
| Relator term |
სამეცნიერო რედაქტორი. |
| 9 (RLIN) |
25802 |
| 942 ## - ADDED ENTRY ELEMENTS (KOHA) |
| Source of classification or shelving scheme |
|
| Koha item type |
წიგნი |